Statistics for Great Lakes Cities

Click here to take the quiz!

General Stats

  • This quiz has been taken 19 times
  • The average score is 22 of 54

Answers on the Map

Answers color-coded by a green-red scale on the quiz's map according to % correct below.
 

Answer Stats

PopulationState/ProvinceLakeAnswer% Correct
2,746,388IllinoisMichiganChicago
100%
639,111MichiganErie/St. ClairDetroit
100%
278,349New YorkErieBuffalo
93%
381,009OhioErieCleveland
93%
272,779OhioErieToledo
93%
2,876,100OntarioOntarioToronto
93%
107,395WisconsinMichiganGreen Bay
86%
577,222WisconsinMichiganMilwaukee
86%
85,618MinnesotaSuperiorDuluth
79%
74,869IndianaMichiganGary
79%
203,792New YorkOntarioRochester
79%
221,900OntarioSt. ClairWindsor
79%
94,831PennsylvaniaErieErie
71%
717,961OntarioOntarioMississauga
71%
135,791New York/OntarioOntarioNiagara Falls
71%
110,000OntarioSuperiorThunder Bay
64%
536,917OntarioOntarioHamilton
57%
99,986WisconsinMichiganKenosha
50%
85,388Ontario/MichiganSuperiorSault Ste. Marie
50%
14,674MichiganMichiganTraverse City
50%
492MichiganHuronMackinac Island
36%
21,315MichiganSuperiorMarquette
36%
89,231IllinoisMichiganWaukegan
36%
74,098WisconsinWinnebagoAppleton
29%
34,932MichiganHuronBay City
29%
78,110IllinoisMichiganEvanston
29%
795MichiganHuronMackinaw City
29%
36,565MichiganMichiganMuskegon
29%
67,004WisconsinWinnebagoOshkosh
29%
77,816WisconsinMichiganRacine
29%
71,594OntarioHuronSarnia
29%
9,116MichiganHuronAlpena
21%
10,038MichiganMichiganBenton Harbor
21%
33,051MichiganMichiganHolland
21%
28,749MichiganHuronPort Huron
21%
24,564OhioErieSandusky
21%
26,751WisconsinSuperiorSuperior
21%
141,434OntarioSimcoeBarrie
14%
2,027WisconsinWinnebagoFond du Lac
14%
132,485OntarioOntarioKingston
14%
8,108MichiganMichiganLudington
14%
31,479IndianaMichiganMichigan City
14%
5,670MichiganMichiganPetoskey
14%
2,323MichiganHuronSaint Ignace
14%
49,929WisconsinMichiganSheboygan
14%
N/AOntarioHuronTobermory
14%
12,160MichiganMichiganEscanaba
7%
30,176IllinoisMichiganHighland Park
7%
34,626WisconsinMichiganManitowoc
7%
10,539WisconsinMichiganMarinnette
7%
8,029MichiganMichiganMenominee
7%
2,355MichiganSuperiorMunising
7%
6,879OntarioHuronParry Sound
7%
8,934WisconsinMichiganSturgeon Bay
7%

Score Distribution

Percentile by Number Answered

Percent of People with Each Score

Your Score History

You have not taken this quiz